|
|
|
|
| LEADER |
00000nab a2200000 a 4500 |
| 001 |
vtls009157096 |
| 003 |
SK-MaSNL |
| 005 |
20260303064405.0 |
| 008 |
141122c20061212xo brzp 0 0slo |
| 015 |
|
|
|a SNBRB2007/11
|2 snkbucl
|
| 040 |
|
|
|a SNKBUCL
|b slo
|c SNKBUCL
|e AACR2
|
| 041 |
0 |
|
|a slo
|
| 044 |
|
|
|a xo
|c SK
|
| 080 |
|
|
|a 613.2-053.9
|2 2001
|
| 080 |
|
|
|a 612.39-053.9
|2 2001
|
| 100 |
1 |
|
|a Matišáková, Iveta,
|d 1969-
|4 aut
|9 199151
|
| 245 |
1 |
0 |
|a Výživové problémy starých ľudí
|c Iveta Matišáková, Katarína Gerlichová, Mariana Mišinová
|
| 300 |
|
|
|a Fotogr.
|
| 504 |
|
|
|a Bibliogr. odkazy
|
| 650 |
0 |
7 |
|a výživa
|2 SNKPH
|9 2615
|
| 650 |
0 |
7 |
|a seniori
|2 SNKPH
|9 117453
|
| 700 |
1 |
|
|a Gerlichová, Katarína
|4 aut
|9 66055
|
| 700 |
1 |
|
|a Mišinová, Mariana
|4 aut
|9 66056
|
| 773 |
0 |
|
|t Sestra a lekár v praxi
|g Roč. V, č. 11-12 (2006), s. 40
|x 1335-9444
|
| 852 |
|
|
|a SNK
|b KIS3GCP
|
| 958 |
|
|
|a SK
|
| 958 |
|
|
|a MI
|
| 958 |
|
|
|a NB
|
| 999 |
|
|
|c 1746931
|d 1748861
|